000 00710nam a2200205Ia 4500
003 GCL
008 140319s9999 xx 000 0 ara d
040 _aGCL /
_cGCL
082 0 4 _a021.2
_bم م
100 1 _aمعن النقرى
245 1 0 _aالمعلوماتية والمجتمع :
_bمجتمع ما بعد الصناعة ومجتمع المعلومات /
_cمعن النقرى
250 _aالاولى
260 _aالمغرب :
_bالمركز الثقافى العربى ،
_c2001
300 _a183 ص ؛
_c24 سم
650 0 4 _aالاتصالات
650 0 4 _aنظم المعلومات
650 0 4 _aنظرية المعلومات
650 0 4 _aالمعلومات، علم
942 _2ddc
_cBK
999 _c6450
_d6450